<?xml version="1.0" encoding="UTF-8"?>
<record
    xmlns:xsi="http://www.w3.org/2001/XMLSchema-instance"
    xsi:schemaLocation="http://www.loc.gov/MARC21/slim http://www.loc.gov/standards/marcxml/schema/MARC21slim.xsd"
    xmlns="http://www.loc.gov/MARC21/slim">

  <leader>00763nam a22002177a 4500</leader>
  <controlfield tag="003">OSt</controlfield>
  <controlfield tag="005">20260623082126.0</controlfield>
  <controlfield tag="008">260623b        ar ||||| |||| 00| | spa d</controlfield>
  <datafield tag="040" ind1=" " ind2=" ">
    <subfield code="a">HCSPBA</subfield>
  </datafield>
  <datafield tag="041" ind1=" " ind2=" ">
    <subfield code="a">spa</subfield>
  </datafield>
  <datafield tag="100" ind1=" " ind2=" ">
    <subfield code="a">Guerra, Jos&#xE9;</subfield>
  </datafield>
  <datafield tag="245" ind1=" " ind2=" ">
    <subfield code="a">Historia de la revoluci&#xF3;n de Nueva Espa&#xF1;a, antiguamente Anahuac :</subfield>
    <subfield code="b">Verdadero origen y causas de ella con la relaci&#xF3;n de sus progresos hasta el presente a&#xF1;o de 1813.</subfield>
    <subfield code="n">Tomo 2.</subfield>
  </datafield>
  <datafield tag="260" ind1=" " ind2=" ">
    <subfield code="a">M&#xE9;xico.</subfield>
    <subfield code="b">C&#xE1;mara de Diputados</subfield>
    <subfield code="c">[19--].</subfield>
  </datafield>
  <datafield tag="300" ind1=" " ind2=" ">
    <subfield code="a">2 v.</subfield>
  </datafield>
  <datafield tag="500" ind1=" " ind2=" ">
    <subfield code="a">Esta edici&#xF3;n fue tomada literalmente de la primera, hecha en Londres, en la Imprenta de Guillermo Glindon, en el a&#xF1;o 1813</subfield>
  </datafield>
  <datafield tag="650" ind1=" " ind2=" ">
    <subfield code="a">COLONIZACION</subfield>
  </datafield>
  <datafield tag="650" ind1=" " ind2=" ">
    <subfield code="a">HISTORIA</subfield>
  </datafield>
  <datafield tag="651" ind1=" " ind2=" ">
    <subfield code="a">ESPA&#xD1;A</subfield>
  </datafield>
  <datafield tag="651" ind1=" " ind2=" ">
    <subfield code="a">AMERICA</subfield>
  </datafield>
  <datafield tag="942" ind1=" " ind2=" ">
    <subfield code="c">LIB</subfield>
  </datafield>
  <datafield tag="952" ind1=" " ind2=" ">
    <subfield code="6">1667_T2</subfield>
    <subfield code="8">DEP</subfield>
    <subfield code="9">109134</subfield>
    <subfield code="a">LEG</subfield>
    <subfield code="d">2026-06-23</subfield>
    <subfield code="l">0</subfield>
    <subfield code="o">1667 T.2</subfield>
    <subfield code="p">LEG-LIB-032606</subfield>
    <subfield code="w">2026-06-23</subfield>
    <subfield code="y">LIB</subfield>
    <subfield code="7">2</subfield>
  </datafield>
  <datafield tag="999" ind1=" " ind2=" ">
    <subfield code="c">65144</subfield>
    <subfield code="d">134613</subfield>
  </datafield>
</record>
